La niña del canal / (Registro nro. 11029)

Detalles MARC
000 -CABECERA
Longitud fija campo de control 00912nam a2200289 a 4500
003 - • IDENTIFICADOR DELl NÚMERO DE CONTROL
Identificador del número de control CO-ViMGA
005 - • FECHA Y HORA DE LA ÚLTIMA TRANSACCIÓN
Fecha y hora de la última transacción 20230915224034.0
008 - • CÓDIGOS DE INFORMACIÓN DE LONGITUD FIJA
Códigos de información de longitud fija 141112s2004 ck r 000 u spa d
020 ## - • NÚMERO INTERNACIONAL NORMALIZADO PARA LIBROS
Número Internacional Normalizado para Libros (ISBN) 9789681662301
040 ## - FUENTE DE LA CATALOGACIÓN
Centro catalogador de origen CO-ViMGA
Lengua de catalogación spa
Centro transcriptor CO-ViMGA
041 ## - • CÓDIGO DE LENGUA
Código de lengua del texto/banda sonora o título independiente spa fre
043 ## - CÓDIGO DE ÁREA GEOGRÁFICA
Código de área geográfica e - fr - - -
100 1# - • PUNTO DE ACCESO PRINCIPAL-NOMBRE DE PERSONA
Nombre de persona Lenain, Thierry.
245 10 - • TITULO PROPIAMENTE DICHO
Título La niña del canal /
Mención de responsabilidad, etc. Thierry Lenain ; ilustraciones de Anne Victoire ; traducción de Patricia Gutiérrez Otero.
300 ## - • DESCRIPCIÓN FÍSICA
Extensión 52 p. : il. ; 19 cm.
490 ## - • MENCIÓN DE SERIE
Mención de serie A la orilla del viento ; 135
500 ## - • NOTA GENERAL
Nota general Catalogación en la fuente
650 14 - • PUNTO DE ACCESO ADICIONAL DE MATERIA - TÉRMINO DE MATERIA
Término de materia o nombre geográfico como elemento inicial CUENTOS INFANTILES FRANCESES
650 14 - • PUNTO DE ACCESO ADICIONAL DE MATERIA - TÉRMINO DE MATERIA
Término de materia o nombre geográfico como elemento inicial MUÑECA - - CUENTOS
700 1# - • PUNTO DE ACCESO ADICIONAL - NOMBRE DE PERSONA
Nombre de persona Gutiérrez Otero, Patricia, tr.
700 1# - • PUNTO DE ACCESO ADICIONAL - NOMBRE DE PERSONA
Nombre de persona Victoire, Anne, il.
942 ## - ENTRADA DE ELEMENTOS AGREGADOS (KOHA)
Fuente de clasificaión o esquema Dewey Decimal Classification
Koha [por defecto] tipo de item LIbro
Existencias
Perdido Fuente de clasificación o esquema Estado Físico No para préstamo Forma de adquisición Localización permanente Localización actual Fecha adquisición Serie de enumeración / cronolog&íacute;a Préstamos totales Signatura completa Código de barras Fecha última consulta Número de copia Fecha del precio de reemplazo Tipo de item de Koha Localización en estanterías Note pública Fuente de adquisición
  Dewey Decimal Classification     Colección General Biblioteca Pública José Eustasio Rivera - San Martin Biblioteca Pública José Eustasio Rivera - San Martin 07/10/2024     C LEN1 SM03165 07/10/2024 Ej.1 07/10/2024 Libro Infantil Sala Infantil    
  Dewey Decimal Classification     Sala General Biblioteca Barrio Emporio - Villavicencio Biblioteca Barrio Emporio - Villavicencio 12/04/2015 27/ene/2015   C LEN1 ICM00026 12/04/2015 Ej. 1 12/04/2015 LIbro      
        Sala General Biblioteca Pública Departamental Eduardo Carranza - Villavicencio Biblioteca Pública Departamental Eduardo Carranza - Villavicencio 08/17/2004 Vol.1   N LEN1 ECA16092 11/26/2024 Ej.1 11/26/2024 LIbro General 1328 | 1594  
        Colección Sala Infantil de Literatura Pocatil y Tilín Biblioteca Pública Departamental Eduardo Carranza - Villavicencio Biblioteca Pública Departamental Eduardo Carranza - Villavicencio 01/23/2015     C LEN1 ECAICM23691 11/26/2024 Ej.1 11/26/2024 LIbro General 17620 | 22579  
  Dewey Decimal Classification     Literatura General Biblioteca Pública Granada - Boca del Monte Biblioteca Pública Granada - Boca del Monte 05/06/2026     C-LEN1 GRDA08064 05/06/2026 Ej.1 05/06/2026 LIbro Literatura   BIBLIOTECA NACIONAL DE COLOMBIA
  Dewey Decimal Classification     Infantil Biblioteca Pública San Juanito - Ernesto Maria Peña Romero Biblioteca Pública San Juanito - Ernesto Maria Peña Romero 12/26/2024     N LEN1 SJU01056 12/26/2024 Ej.1 12/26/2024 LIbro Sala Infantil    









Instituto Departamental de Cultura del Meta - Red Departamental de Bibliotecas Públicas del Meta.